| 000 | 01570nam a2200205Ii 4500 | ||
|---|---|---|---|
| 003 | JO-AjNU | ||
| 008 | 230605s9999||||xx |||||||||||||| ||und|| | ||
| 017 | _a2004/3/509 | ||
| 040 |
_aJO-AjNU _bara _erda _cJO-AjNU |
||
| 041 | _aara | ||
| 050 | 1 | 4 | _aDS63.1.N3812 2004 |
| 100 | 3 |
_aتنظيم المركز الإقليمي للأمن الإنساني في المعهد البلوماسي الأردني؛ تحرير وتقديم عاطف غضيبات، تحرير وتقديم روان فضايل بهو؛ ترجمة عبدالله الشناق, _eauthor _946520 |
|
| 245 | 0 | 0 | _aالنوع الاجتماعي والتحول الديمراطي في المنطقة العربية: الأوراق المقدمة في ورشة العمل الإقليمية حول النوع الاجتماعي والتحول الديمقراطي في الوطن العربي عمان - الاردن 11-13 اذار 2002 = Gender and Democratization in the Arab Region |
| 264 | 3 | 1 | _aعمان: المركز الإقليمي للأمن الإنساني في المعهد الدبلوماسي الأردني، 2004 |
| 300 |
_a396ص باللغة العربية ، 361ص باللغة الانجليزية _bنشر بدعم من مركز بحوث التنمية الدولية أوتوا - كندا |
||
| 336 |
_atext _btxt _2rdacontent |
||
| 337 |
_aunmediated _bn _2rdamedia |
||
| 338 |
_avolume _bnc _2rdacarrier |
||
| 650 | 4 |
_a النوع الاجتماعي - التقدم الاجتماعي - السياسة الاجتماعية - البلدان العربية - الديمقراطية _946521 |
|
| 999 |
_aA20245 _c23813 _d23813 |
||